Peste noire / (Record no. 1927)

MARC details
000 -LEADER
fixed length control field 00506nam a22001695i 4500
008 - FIXED-LENGTH DATA ELEMENTS--GENERAL INFORMATION
fixed length control field 251217t20262026fr 000 0 fre
010 ## - LIBRARY OF CONGRESS CONTROL NUMBER
LC control number 2025479382
020 ## - INTERNATIONAL STANDARD BOOK NUMBER
International Standard Book Number 9782021548396
Qualifying information (paperback)
050 #4 - LIBRARY OF CONGRESS CALL NUMBER
Classification number RC
082 14 - DEWEY DECIMAL CLASSIFICATION NUMBER
Classification number 614
-- 940
100 1# - MAIN ENTRY--PERSONAL NAME
Personal name Boucheron, Patrick,
Relator term author.
245 10 - TITLE STATEMENT
Title Peste noire /
Statement of responsibility, etc. Patrick Boucheron.
300 ## - PHYSICAL DESCRIPTION
Extent 553 pages, 12 unnumbered pages of plates :
Other physical details illustrations (some color), maps (some color) ;
Dimensions 24 cm.
942 ## - ADDED ENTRY ELEMENTS (KOHA)
Source of classification or shelving scheme Dewey Decimal Classification
Koha item type Books
Suppress in OPAC No
Holdings
Withdrawn status Lost status Source of classification or shelving scheme Damaged status Not for loan Home library Current library Date acquired Total checkouts Date last seen Price effective from Koha item type
    Dewey Decimal Classification     Centerville Centerville 09/04/2026   09/04/2026 09/04/2026 Books
    Dewey Decimal Classification     Centerville Centerville 09/04/2026   09/04/2026 09/04/2026 Books